Barnabas sahodarara bhavya sandesha: (Record no. 143593)
[ view plain ]
| 000 -LEADER | |
|---|---|
| fixed length control field | 00608nam a2200193Ia 4500 |
| 003 - CONTROL NUMBER IDENTIFIER | |
| control field | OSt |
| 005 - DATE AND TIME OF LATEST TRANSACTION | |
| control field | 20260130141750.0 |
| 008 - FIXED-LENGTH DATA ELEMENTS--GENERAL INFORMATION | |
| fixed length control field | 210210b1943 xxu||||| |||| 00| 0 eng d |
| 040 ## - CATALOGING SOURCE | |
| Transcribing agency | AL |
| 041 ## - LANGUAGE CODE | |
| Language code of text/sound track or separate title | Kannada |
| 082 ## - DEWEY DECIMAL CLASSIFICATION NUMBER | |
| Classification number | 853/204 |
| 100 ## - MAIN ENTRY--PERSONAL NAME | |
| Personal name | NARAYANA RAV |
| 9 (RLIN) | 161246 |
| Dates associated with a name | ನಾರಾಯಣ ರಾವ್ |
| 245 ## - TITLE STATEMENT | |
| Title | Barnabas sahodarara bhavya sandesha: |
| Remainder of title | ಬಾರ್ನಾಬಸ್ ಸಹೋದರರ ಭವ್ಯ ಸಂದೇಶ |
| 260 ## - PUBLICATION, DISTRIBUTION, ETC. | |
| Place of publication, distribution, etc. | Bengaluru |
| Name of publisher, distributor, etc. | - |
| Date of publication, distribution, etc. | 1943 |
| 690 ## - LOCAL SUBJECT ADDED ENTRY--TOPICAL TERM (OCLC, RLIN) | |
| Topical term or geographic name as entry element | Kannada Drama |
| 9 (RLIN) | 161247 |
| 700 ## - ADDED ENTRY--PERSONAL NAME | |
| Personal name | RAMANATHAYYA |
| 9 (RLIN) | 161248 |
| Dates associated with a name | ರಾಮನಾಥಯ್ಯ |
| 906 ## - LOCAL DATA ELEMENT F, LDF (RLIN) | |
| a | 019474 |
| 942 ## - ADDED ENTRY ELEMENTS (KOHA) | |
| Source of classification or shelving scheme | Dewey Decimal Classification |
| Koha item type | Book |
| Withdrawn status | Lost status | Source of classification or shelving scheme | Damaged status | Not for loan | Collection code | Home library | Current library | Shelving location | Date acquired | Cost, normal purchase price | Total Checkouts | Full call number | Barcode | Date last seen | Price effective from | Koha item type |
|---|---|---|---|---|---|---|---|---|---|---|---|---|---|---|---|---|
| Dewey Decimal Classification | Kannada | St Aloysius Library | St Aloysius Library | 02/17/2021 | 0.00 | 853/204 | 019474 | 02/17/2021 | 02/17/2021 | Book |